[Event "Krakow op"]
[Site "Krakow"]
[Date "2011.08.09"]
[Round "5"]
[White "Bukojemski, Adam"]
[Black "Kaminski, Thomas"]
[Result "0-1"]
[WhiteElo "2194"]
[BlackElo "2101"]
[PlyCount "72"]
[EventDate "2011.08.06"]
[EventType "swiss"]
[EventRounds "9"]
[EventCountry "POL"]
[SourceTitle "CBM 144 Extra"]
[Source "ChessBase"]
[SourceDate "2011.10.28"]
[SourceVersion "1"]
[SourceVersionDate "2011.10.28"]
[SourceQuality "1"]

1. e4 e5 2. Nf3 Nc6 3. Bb5 a6 4. Ba4 Nf6 5. 0-0 Be7 6. Re1 b5 7. Bb3 d6 8. c3 0-0 9. d4 Bb7 10. Nbd2 exd4 11. cxd4 Na5 12. Bc2 c5 13. Nf1 Re8 14. Ng3 cxd4 15. Nxd4 Rc8 16. b3 Nc6 17. Ndf5 Bf8 18. Ba3 b4 19. Bb2 Ne5 20. Rc1 Qa5 21. Bb1 Rxc1 22. Qxc1 h6 23. Qf4 Re6 24. Nd4 Re8 25. Ndf5 Re6 26. Nd4 Re8 27. Ngf5 Nfd7 28. Qg3 Kh8 29. f4 Ng6 30. Nh4 Nxh4 31. Qxh4 g6 32. f5 Bg7 33. Qf2 Ne5 34. h3 Qd8 35. Kh1 d5 36. exd5 Qxd5 0-1

[Event "Calgary March of Kings"]
[Site "Calgary"]
[Date "2011.03.05"]
[Round "2.1"]
[White "Zeggelaar, Mike"]
[Black "Kaminski, Thomas"]
[Result "0-1"]
[WhiteElo "1947"]
[BlackElo "2229"]
[PlyCount "40"]
[EventDate "2011.03.05"]
[EventType "swiss"]
[EventRounds "5"]
[EventCountry "CAN"]
[SourceTitle "EXT 2022"]
[Source "ChessBase"]
[SourceDate "2021.10.06"]
[SourceVersion "1"]
[SourceVersionDate "2021.10.06"]
[SourceQuality "1"]

1. e4 c5 2. Nf3 d6 3. d4 cxd4 4. Nxd4 Nf6 5. Nc3 a6 6. g3 e5 7. Nde2 Be7 8. Bg2 Be6 9. 0-0 Nbd7 10. Nd5 Bxd5 11. exd5 0-0 12. Nc3 Rc8 13. a4 Nb6 14. Bg5 Qc7 15. Bxf6 Bxf6 16. Bh3 Rcd8 17. Ne4 Be7 18. Qh5 Nxd5 19. Bf5 g6 20. Bxg6 fxg6 0-1

[Event "Wch U14"]
[Site "Kemer"]
[Date "2009.11.20"]
[Round "9"]
[White "Neumair, Jerome"]
[Black "Kaminski, Thomas"]
[Result "1-0"]
[WhiteElo "2013"]
[BlackElo "2112"]
[PlyCount "105"]
[EventDate "2009.11.12"]
[EventType "swiss"]
[EventRounds "11"]
[EventCountry "TUR"]
[SourceTitle "EXT 2010"]
[Source "ChessBase"]
[SourceDate "2010.11.25"]
[SourceVersion "1"]
[SourceVersionDate "2010.11.25"]
[SourceQuality "1"]

1. d4 Nf6 2. c4 g6 3. Nc3 Bg7 4. e4 d6 5. f4 0-0 6. Nf3 c5 7. d5 e6 8. Be2 exd5 9. cxd5 Bg4 10. 0-0 Nbd7 11. h3 Bxf3 12. Bxf3 Re8 13. Re1 Qa5 14. Be3 b5 15. a3 Nb6 16. Qd3 Nfd7 17. Reb1 c4 18. Qd2 Rac8 19. Re1 Nc5 20. Bxc5 Rxc5 21. Rad1 a6 22. Re3 Rc7 23. Qe2 Bxc3 24. Rxc3 Na4 25. Re3 c3 26. b3 c2 27. Rc1 Nc3 28. Qd2 Qxa3 29. Rxc2 Rec8 30. Rb2 Qc5 31. Kh2 b4 32. Be2 a5 33. Bg4 Re8 34. Bf3 Rce7 35. Rc2 Qb6 36. Qd3 f6 37. Re1 Kf7 38. Rd2 a4 39. bxa4 Nxa4 40. Qb1 Nc5 41. g4 g5 42. Qb2 gxf4 43. g5 Re5 44. gxf6 Kxf6 45. Rd4 b3 46. Rg1 Qa5 47. Qg2 Ke7 48. Qg7+ Kd8 49. Qf6+ Kc7 50. Rg7+ Kb8 51. Qxd6+ Ka8 52. Qc6+ Kb8 53. Rb4+ 1-0

[Event "CAN-ch U14"]
[Site "Victoria"]
[Date "2009.07.23"]
[Round "7"]
[White "Cheng, Jack"]
[Black "Kaminski, Thomas"]
[Result "0-1"]
[WhiteElo "2064"]
[BlackElo "2141"]
[PlyCount "118"]
[EventDate "2009.07.21"]
[EventType "swiss"]
[EventRounds "8"]
[EventCountry "CAN"]
[SourceTitle "EXT 2011"]
[Source "ChessBase"]
[SourceDate "2010.11.26"]
[SourceVersion "1"]
[SourceVersionDate "2010.11.26"]
[SourceQuality "1"]

1. e4 c6 2. d4 d5 3. e5 Bf5 4. Nf3 e6 5. Be2 c5 6. 0-0 Nd7 7. c3 Ne7 8. Be3 Nc6 9. a3 c4 10. Ne1 g5 11. Nd2 Be7 12. g4 Bg6 13. Ng2 Qb6 14. b3 cxb3 15. Qxb3 Qxb3 16. Nxb3 Nb6 17. Rfc1 Nc4 18. Bxc4 dxc4 19. Nd2 Na5 20. Re1 Rc8 21. f3 Nb3 22. Ra2 Bd3 23. Ne4 Bxe4 24. fxe4 f6 25. exf6 Bxf6 26. Rf1 0-0 27. Ne1 Kg7 28. Nf3 h6 29. Nd2 Be7 30. Rb1 Na5 31. Rb5 b6 32. a4 Rc6 33. d5 Rcc8 34. Bd4+ Kg6 35. e5 exd5 36. Rxd5 Rcd8 37. Rxd8 Rxd8 38. Kg2 Nc6 39. Nf3 Kf7 40. Kf2 Ke6 41. Ke3 Rd5 42. Ke4 Ra5 43. h3 b5 44. Nd2 Rxa4 45. Rb2 a6 46. Rc2 Ra1 47. Nf3 Rb1 48. Ra2 a5 49. Bb6 a4 50. Be3 a3 51. Nd4+ Nxd4 52. cxd4 Rd1 53. Bd2 b4 54. d5+ Kd7 55. d6 Rxd2 56. Rxd2 b3 57. dxe7+ Kxe7 58. Kf5 b2 59. e6 b1Q+ 0-1

[Event "CAN-ch U14"]
[Site "Victoria"]
[Date "2009.07.22"]
[Round "4"]
[White "Kaminski, Thomas"]
[Black "Han, Yifei"]
[Result "1-0"]
[WhiteElo "2141"]
[BlackElo "1921"]
[PlyCount "121"]
[EventDate "2009.07.21"]
[EventType "swiss"]
[EventRounds "8"]
[EventCountry "CAN"]
[SourceTitle "EXT 2011"]
[Source "ChessBase"]
[SourceDate "2010.11.26"]
[SourceVersion "1"]
[SourceVersionDate "2010.11.26"]
[SourceQuality "1"]

1. c4 Nf6 2. Nc3 e6 3. Nf3 d5 4. b3 c5 5. d3 Nc6 6. g3 Be7 7. Bg2 0-0 8. 0-0 d4 9. Nb1 e5 10. Nbd2 h6 11. a3 Bf5 12. Qc2 Qd7 13. Ne4 Bxe4 14. dxe4 Bd6 15. Bd2 a6 16. Ne1 Qe7 17. Nd3 Rfe8 18. Rfc1 Rac8 19. f3 Kh7 20. Bh3 Rb8 21. b4 b6 22. Qa4 Qc7 23. b5 axb5 24. cxb5 Ra8 25. Qb3 Na5 26. Bxa5 Rxa5 27. Nb2 Ra7 28. a4 Rea8 29. Nc4 Qd8 30. Rc2 Rb7 31. Rca2 Bc7 32. Rb1 Bd6 33. a5 bxa5 34. b6 a4 35. Rxa4 Rxa4 36. Qxa4 Kg8 37. Qc6 Qa8 38. Nxd6 Qa2 39. Qxb7 Qxb1+ 40. Kf2 Qb3 41. Qxf7+ Qxf7 42. Nxf7 g5 43. b7 g4 44. Nxh6+ Kg7 45. Nxg4 Nd7 46. Nxe5 Nb8 47. Nd7 Nc6 48. b8Q Nxb8 49. Nxb8 c4 50. Nc6 d3 51. exd3 cxd3 52. Ke3 Kg6 53. e5 d2 54. Kxd2 Kf7 55. Bd7 Kg7 56. e6 Kh6 57. e7 Kh7 58. e8Q Kg7 59. Ne5 Kh7 60. Qg6+ Kh8 61. Nf7# 1-0

[Event "CAN-ch U14"]
[Site "Victoria"]
[Date "2009.07.21"]
[Round "2"]
[White "Kaminski, Thomas"]
[Black "Gladstone, Simon"]
[Result "1-0"]
[WhiteElo "2141"]
[BlackElo "1876"]
[PlyCount "93"]
[EventDate "2009.07.21"]
[EventType "swiss"]
[EventRounds "8"]
[EventCountry "CAN"]
[SourceTitle "EXT 2011"]
[Source "ChessBase"]
[SourceDate "2010.11.26"]
[SourceVersion "1"]
[SourceVersionDate "2010.11.26"]
[SourceQuality "1"]

1. c4 e6 2. Nc3 Nf6 3. Nf3 d5 4. d4 c5 5. e3 Nc6 6. Bd3 Bd6 7. 0-0 0-0 8. b3 b6 9. Bb2 Bb7 10. h3 Nb4 11. Be2 dxc4 12. bxc4 Rc8 13. a3 Nc6 14. d5 exd5 15. cxd5 Na5 16. e4 Re8 17. Bb5 Re7 18. Re1 a6 19. Bd3 Qc7 20. Nb1 Rce8 21. Nbd2 c4 22. Rc1 b5 23. Bb1 Bf4 24. Bxf6 gxf6 25. Qc2 Be5 26. Nxe5 fxe5 27. Qc3 Qb6 28. Nf3 Nb3 29. Rcd1 Qf6 30. Bc2 Nc5 31. Re3 Bc8 32. Qb4 Nb7 33. Nh2 Kh8 34. Rf3 Qd6 35. Qd2 Rg8 36. Nf1 Bd7 37. Rg3 Rxg3 38. Nxg3 Qg6 39. Qc3 Re8 40. Qf3 Nd6 41. Qc3 Nb7 42. Kh2 Kg8 43. Qd2 Kh8 44. f4 exf4 45. Qxf4 Qd6 46. Qxf7 Rg8 47. e5 1-0

[Event "Battle of Alberta"]
[Site "Red Deer"]
[Date "2008.09.20"]
[Round "1"]
[White "Grumic, Sasha"]
[Black "Kaminski, Thomas"]
[Result "1-0"]
[WhiteElo "2121"]
[BlackElo "2070"]
[PlyCount "57"]
[EventDate "2008.09.20"]
[EventType "team-match"]
[EventRounds "2"]
[EventCountry "CAN"]
[SourceTitle "EXT 2011"]
[Source "ChessBase"]
[SourceDate "2010.11.26"]
[SourceVersion "1"]
[SourceVersionDate "2010.11.26"]
[SourceQuality "1"]

1. e4 e5 2. d3 Nc6 3. Nd2 Nf6 4. Ngf3 d5 5. h3 Bc5 6. Be2 0-0 7. c3 a6 8. Qc2 Qe7 9. Nf1 h6 10. g4 dxe4 11. dxe4 h5 12. g5 Nd7 13. Ne3 Nb6 14. b4 Bd6 15. a4 a5 16. b5 Nb8 17. Nf5 Bxf5 18. exf5 Nd5 19. f6 Qd7 20. Bc4 c6 21. fxg7 Kxg7 22. Nh4 e4 23. Bb2 Bf4 24. Rd1 Kg8 25. g6 Qe7 26. gxf7+ Kxf7 27. Rxd5 cxd5 28. Bxd5+ Kf6 29. Rg1 1-0

[Event "SVK-ch op-B"]
[Site "Zvolen"]
[Date "2008.07.10"]
[Round "6"]
[White "Mocary, Metod"]
[Black "Kaminski, Thomas"]
[Result "0-1"]
[WhiteElo "2058"]
[BlackElo "2010"]
[PlyCount "90"]
[EventDate "2008.07.06"]
[EventType "swiss"]
[EventRounds "9"]
[EventCountry "SVK"]
[SourceTitle "EXT 2009"]
[Source "ChessBase"]
[SourceDate "2008.11.26"]
[SourceVersion "1"]
[SourceVersionDate "2008.11.26"]
[SourceQuality "1"]

1. d4 Nf6 2. Bg5 c5 3. Bxf6 gxf6 4. c3 Qa5 5. e3 Nc6 6. Nf3 d6 7. Nbd2 Bg4 8. Be2 0-0-0 9. Qb3 d5 10. h3 Bh5 11. Qb5 Qxb5 12. Bxb5 e6 13. Bd3 c4 14. Bc2 f5 15. Rg1 Bg6 16. Nh4 Be7 17. Nxg6 hxg6 18. 0-0-0 b5 19. Nf3 f6 20. Rh1 b4 21. g4 bxc3 22. bxc3 fxg4 23. hxg4 g5 24. Bg6 Kd7 25. Kc2 Ba3 26. Rb1 Rxh1 27. Rxh1 Ne7 28. Bh5 Rf8 29. Rb1 Kc6 30. Nd2 Bd6 31. f3 Nc8 32. Rf1 e5 33. Re1 Nb6 34. Rf1 Bc7 35. Rh1 Rh8 36. e4 exd4 37. exd5+ Nxd5 38. cxd4 Ne3+ 39. Kc1 Rd8 40. Nf1 Ng2 41. Bg6 Rxd4 42. Be4+ Kc5 43. Rh8 Bf4+ 44. Kc2 Kb4 45. Ra8 Ne1+ 0-1

[Event "CAN-ch U12"]
[Site "Ottawa"]
[Date "2007.07.04"]
[Round "4"]
[White "Kaminski, Thomas"]
[Black "Qin, Zi Yi"]
[Result "1/2-1/2"]
[WhiteElo "1982"]
[BlackElo "2089"]
[PlyCount "69"]
[EventDate "2007.07.03"]
[EventType "swiss"]
[EventRounds "7"]
[EventCountry "CAN"]
[SourceTitle "EXT 2022"]
[Source "ChessBase"]
[SourceDate "2021.10.06"]
[SourceVersion "1"]
[SourceVersionDate "2021.10.06"]
[SourceQuality "1"]

1. d4 Nf6 2. c4 e6 3. Nc3 Bb4 4. e3 b6 5. a3 Bxc3+ 6. bxc3 Ne4 7. Qc2 Bb7 8. Nf3 0-0 9. Bd3 f5 10. 0-0 d6 11. Nd2 Qh4 12. f3 Nxd2 13. Bxd2 Nd7 14. Be1 Qe7 15. Bg3 Rf7 16. Rab1 Raf8 17. Qd2 e5 18. f4 e4 19. Be2 Kh8 20. h4 g6 21. Kf2 Kg7 22. Rh1 h5 23. Rb3 Ra8 24. Rhb1 Rff8 25. Kf1 Nf6 26. Bf2 Bc8 27. Kg1 Bd7 28. Qa2 Rh8 29. g3 Be6 30. R3b2 Qf7 31. Rc2 c6 32. a4 Rhb8 33. Rcb2 Rc8 34. Qa3 Rd8 35. Qb4 1/2-1/2

[Event "Wch U10"]
[Site "Belfort"]
[Date "2005.07.19"]
[Round "1"]
[White "Tallo Dominguez, Imar"]
[Black "Kaminski, Thomas"]
[Result "1/2-1/2"]
[WhiteElo "1912"]
[BlackElo "1599"]
[PlyCount "91"]
[EventDate "2005.07.19"]
[EventType "swiss"]
[EventRounds "11"]
[EventCountry "FRA"]
[SourceTitle "CBM 107 Extra"]
[Source "ChessBase"]
[SourceDate "2005.09.01"]
[SourceVersion "1"]
[SourceVersionDate "2005.09.01"]
[SourceQuality "1"]

1. e4 d5 2. exd5 Qxd5 3. Nc3 Qa5 4. Bc4 Nf6 5. d3 c6 6. a3 Bf5 7. Bd2 Qc7 8. Nge2 Nbd7 9. h3 e6 10. Ng3 Bg6 11. 0-0 0-0-0 12. b4 Bd6 13. Nge2 Nb6 14. Ba2 Nbd5 15. Rb1 Nxc3 16. Nxc3 b5 17. a4 a6 18. axb5 axb5 19. Ne2 Kb7 20. Rb3 Ra8 21. Bb1 Rhd8 22. c4 Be5 23. f4 Bd4+ 24. Nxd4 Rxd4 25. Qe2 Qd8 26. Be3 Rd7 27. cxb5 cxb5 28. Qf3+ Nd5 29. Rc1 Kb8 30. Bc5 Qf6 31. g3 Ra1 32. d4 Bxb1 33. Rcxb1 Rxb1+ 34. Rxb1 Qf5 35. Ra1 Qc2 36. Qa3 Nc7 37. Qa7+ Kc8 38. Qb6 Qc3 39. Ra8+ Nxa8 40. Qa6+ Kb8 41. Qxb5+ Kc7 42. Qa5+ Kb8 43. Qb5+ Kc7 44. Qa5+ Kb8 45. Qb5+ Kc7 46. Qa5+ 1/2-1/2